| 000 | 00963nam a2200253 i 4500 | ||
|---|---|---|---|
| 001 | 181110 | ||
| 003 | ES-MaACL | ||
| 005 | 20250907063132.0 | ||
| 008 | 121017s2008 sp ab |||| |aspa d | ||
| 020 | _a978-84-96862-15-9 | ||
| 080 | _a929 Líster López, Enrique | ||
| 080 | _a94(437)"1968"(093.3) | ||
| 100 | 1 |
_aLister López, Enrique, _d1941- _9151659 |
|
| 245 | 1 | 0 |
_aPraga, agosto de 1968 _b: páginas de un diario personal / _cEnrique Líster López. |
| 260 |
_aGuadalajara : _bSilente, _c[2008] |
||
| 300 |
_a313 p. : _bil., mapa ; _c24 cm. |
||
| 490 | 1 | _aSilente memoria histórica | |
| 651 |
_aChecoslovaquia- _xHistoria- _y1968, Intervención soviética. _9164755 |
||
| 830 | 0 |
_aSilente memoria histórica _9191407 |
|
| 852 |
_aES-MaACL _jA-12322 _9187993 _bR.148181 _cDEPO1 _dOlim: N-5327 _xDonación: Pedro A. García |
||
| 903 |
_aGarcía Bilbao, Pedro A., _d1961- _ednr _9148494 |
||
| 942 |
_2udc _cMONOGRAFIA |
||
| 999 |
_c181110 _d181110 |
||